Europe : a history
| Main Author: | Davies, Norman |
|---|---|
| Published: |
London:
Pimlico,
1996.
|
| Subjects: |
| LEADER | 00505cam a2200169 7i4500 | ||
|---|---|---|---|
| 001 | 0000048768 | ||
| 005 | 20180411090000.0 | ||
| 020 | |a 0712666338 | ||
| 020 | |a 9780712666336 (pbk.) | ||
| 090 | 0 | 0 | |a D57 |b .D27 1996 |
| 100 | 1 | |a Davies, Norman | |
| 245 | 1 | 0 | |a Europe : |b a history |c Norman Davies. |
| 260 | |a London: |b Pimlico, |c 1996. | ||
| 300 | |a 1365 p.: |b ill.; |c 23 cm. | ||
| 500 | |a Gift: Zainol Ahmad Resource Center | ||
| 651 | 0 | |a Europe -- |x History | |
| 999 | |a 0000062756 |b BOK |c OPEN SHELF |e 1st Floor, Bestari Jaya | ||


